000 01258nam a2200337 a 4500
001 000109503
003 CHAP
005 20220329144053.0
008 140507s2013 mx sm |||||||spa d
010 _a105965
011 _a106937
040 _cCHAP
090 _aTesis
100 1 _aMonroy Venegas, Alma Rosa
_9126740
245 1 0 _aSustitución de alimentos comerciales por pasta detoxificada de higuerilla (Ricinus communis L.) en la engorda de conejos
_h[En línea]
_cpor Alma Rosa Monroy Venegas.
260 _aChapingo, Méx. :
_bEl autor,
_c2013.
500 _aPara ver el contenido del material haga clic en la liga
502 _aTesis (Ing. Agr. Esp. en Zootecnia) -- UACH. Departamento de Enseñanza Investigación y Servicio en Zootecnia
590 _aBATCH-UPD
_b05
_c20141002
_lUCH01
_h0902
590 _aE5995AHE
_b05
_c20140507
_lUCH01
_h1006
590 _aE5995AHE
_b05
_c20140507
_lUCH01
_h1006
650 1 4 _aConejos
_xAlimentación.
_926353
650 1 4 _aConejos
_xEngorda.
_926363
650 1 4 _aConejos
_xNutrición.
_926372
650 1 4 _aHiguerilla.
_955365
650 1 4 _aPastas alimenticias.
_985906
856 _aFinding aid
_uhttp://10.13.5.2/tesis/sist109503.pdf
_zTeclea aquí
901 _aBK
942 _cTESIS
942 _n0
999 _c105965
_d105965